000 00319nam a2200133 i 4500
001 bg
100 1 _aKOSOW, Irwing L.
245 0 _aElectric Machinery and Control /
_cIrwing L. Kosow.
260 _aEnglewood Cliffs,
_c1964.
040 _cBPK
041 _apol
942 _cKS
008 s pl f |000 0 pol
999 _c442
_d442
856 _uhttp://koha.tu.koszalin.pl/cgi-bin/koha/opac-detail.pl?biblionumber=442
_yKatalog online BPK